| 000 | 00942nam a2200265 a 4500 | ||
|---|---|---|---|
| 005 | 20200104041504.0 | ||
| 008 | 140113t1994 ck ||||gr|||| 00| 0 spa d | ||
| 040 |
_aCO-BoIAVH _cCO-BoIAVH |
||
| 041 | _aspa | ||
| 090 |
_aRE _b00060 |
||
| 100 | 1 | _aUseche Losada, Mariano | |
| 245 | 1 |
_aColonia penal de Araracuara _bsocioeconomía y recursos naturales 1938-1971 |
|
| 246 |
_aThe Araracuara penal colony _bsocieconomic aspects and natural resources 1938-1971 |
||
| 260 |
_aBogotá _bTropenbos Colombia _c1994 |
||
| 300 |
_a238 Paginas. : _bGraficos. ; _c23 x 17 cm |
||
| 650 | 6 | _aRecursos naturales | |
| 650 | 4 | _aComunidades indígenas | |
| 650 | 4 | _aExplotación forestal | |
| 650 | 4 | _aUso de biodiversidad | |
| 650 | 4 | _aProductos derivados de la biodiversidad | |
| 650 | 4 | _aProductos maderables | |
| 650 | 4 | _aAgricultura | |
| 662 |
_aColombia _dAraracuara _bCaquetá |
||
| 942 |
_cLIBRO _2z |
||
| 999 |
_c25 _d25 |
||